00214nam a22000737a 4500020001800000082001500018245006900033260003800102 a9780132333337 a428.24 AZA aUnderstanding and using English grammarb Azar, Betty Schrampfer aNew YorkbPearson Educationc2009